|
|
|
|
| LEADER |
00000nab a2200000 a 4500 |
| 001 |
vtls010597594 |
| 003 |
SK-MaSNL |
| 005 |
20260318121908.0 |
| 008 |
171110c1990 xo kr 000 c0ukr |
| 015 |
|
|
|a SNBRA2014/04
|
| 038 |
|
|
|a SVKPOCL
|
| 040 |
|
|
|a SVKPOCL
|b slo
|c SVKPOCL
|e AACR2
|
| 041 |
0 |
|
|a ukr
|
| 044 |
|
|
|a xo
|c SK
|
| 080 |
|
|
|a 80(=16)+908(4)
|2 2001
|
| 080 |
|
|
|a 80(=161.2)+908(477)
|2 2001
|
| 080 |
|
|
|a 821.161.2(437.6)
|2 2001
|
| 080 |
|
|
|a 378.011.3-051
|2 2001
|
| 080 |
|
|
|a 821.161.2(437.6)-051
|2 2001
|
| 080 |
|
|
|a [80(=161.1)+908(470+571)]-051
|2 2001
|
| 080 |
|
|
|a 929 Galajda, Eliáš
|2 2001
|
| 100 |
1 |
|
|a Červeňák, Andrej,
|d 1932-2012
|4 aut
|9 153402
|
| 245 |
1 |
0 |
|a Z karpats'koho kraju-
|c Andrij Červenjak
|
| 300 |
|
|
|b Fotogr.
|
| 600 |
1 |
7 |
|a Galajda, Eliáš,
|d 1931-2017
|2 svkpocl
|9 109766
|
| 650 |
0 |
7 |
|a osobnosti
|2 snkbucl
|9 29820
|
| 650 |
0 |
7 |
|a ukrajinská literatúra
|z Slovensko
|2 svkpocl
|9 306583
|
| 650 |
0 |
7 |
|a vysokoškolskí učitelia
|2 svkpocl
|9 66590
|
| 650 |
0 |
7 |
|a rusisti
|2 svkpocl
|9 59769
|
| 650 |
0 |
7 |
|a slavistika
|2 svkpocl
|9 4282
|
| 650 |
0 |
7 |
|a ukrajinistika
|2 svkpocl
|9 51200
|
| 650 |
0 |
7 |
|a ukrajinskí spisovatelia
|2 svkpocl
|9 66678
|
| 650 |
0 |
7 |
|a osobnosti
|2 svkpocl
|9 29820
|
| 651 |
|
7 |
|a Čertižné (Slovensko)
|2 svkpocl
|9 51198
|
| 651 |
|
7 |
|a Medzilaborce (Slovensko : okres)
|2 svkpocl
|9 29394
|
| 651 |
|
7 |
|a Prešov (Slovensko)
|2 svkpocl
|9 17347
|
| 773 |
0 |
|
|a Kuzyšyn, Bohdan [ed.]
|t Narodnyj kalendar 1991
|d Bratislava : Slovac'ke pedahohične vydavnyctvo ; Prjašiv : Viddil ukrajins'koji literatury ; Užhorod : Karpaty, 1990
|g S. 147-148
|z 8008006730
|
| 852 |
|
|
|a SVKPO
|b KIS3GCP
|
| 958 |
|
|
|a UK
|
| 958 |
|
|
|a SK
|
| 958 |
|
|
|a LX
|
| 958 |
|
|
|a BX
|
| 958 |
|
|
|a SS
|
| 999 |
|
|
|c 3255097
|d 3257027
|